Before and After: Literature and Film Quiz Stats

 Plays Quiz Updated Apr 16, 2012

Challenge
Share
Tweet
Embed
Score 0/20 Timer 10:00
3 Plays Today
Before Answer % Correct
1996 film starring Matthew McConaughey and Sandra BullockA Time to Kill a Mockingbird
75.8%
1997 film starring Harrison Ford as the presidentAir Force One Flew Over the Cuckoo's Nest
56.7%
2007 film starring Tom Hanks, Julia Roberts and Philip Seymour HoffmanCharlie Wilson's War and Peace
50.1%
1939 Clark Gable filmGone with the Wind in the Willows
39.6%
2009 country film starring Jeff BridgesCrazy Heart of Darkness
36.3%
1962 dystopian novel by Anthony BurgessA Clockwork Orange County
35.2%
1947 diary recalling the Nazi occupation of the NetherlandsThe Diary of Anne Frankenstein
32.5%
1972 fantasy novel by Richard Adams describing the life of rabbitsWatership Down Periscope
31%
1946 James Stewart Christmas movieIt's a Wonderful Life of Pi
29.2%
1993 film starring Robert DeNiro and Chazz PalminterriA Bronx Tale of Two Cities
24.7%
Before Answer % Correct
1997 film starring Jamie Foxx and Tommy DavidsonBooty Call of the Wild
21.5%
1987 Steven Spielberg film starring Christian BaleEmpire of the Sun Also Rises
21.2%
1996 Chuck Palahniuk novelFight Club Dread
21.1%
1969 Kurt Vonnegut time travelling novelSlaughterhouse Five Easy Pieces
20.2%
1916 semi-autobiographical novel by James JoyceA Portrait of the Artist as a Young Man on Fire
19.2%
1988 Robert Zemeckis film starring Bob Hoskins and Christopher LloydWho Framed Roger Rabbit, Run
18%
1982 L. Ron Hubbard novelBattlefield Earth Girls Are Easy
17%
1953 novel by Ray BradburyFahrenheit 45127 Hours
17%
2010 video game film starring Michael CeraScott Pilgrim vs. the World According to Garp
16.2%
2007 P.T. Anderson film starring Daniel Day-LewisThere Will Be Blood Meridian
15.5%

You're not logged in!

Compare scores with friends on all Sporcle quizzes.
OR
Log In

You Might Also Like...

Show Comments

Extras

Top Quizzes Today


Score Distribution

Your Account Isn't Verified!

In order to create a playlist on Sporcle, you need to verify the email address you used during registration. Go to your Sporcle Settings to finish the process.

Report this User

Report this user for behavior that violates our Community Guidelines.

Details: